000 00738pam a2200265 a 4500
001 7998
003 BD-RjUL
005 20211208234516.0
008 140116s1986 cauaf b 001 0 eng d
020 _a0534065104
035 _a(BD-RjUL)8043
040 _aDLC
_cDLC
_d(BD-RjUL)
_beng
041 _aeng
082 0 0 _a520
_219
_bSEF
100 1 _aSeeds, Michael A.
_924917
245 1 0 _aFoundations of astronomy /
_cMichael A. Seeds.
250 _a1986 ed.
260 _aBelmont, Calif. :
_bWadsworth Pub. Co.,
_cc1986.
300 _axiv, 596p :
_bill. (some col.) ;
_c27 cm.
504 _aIncludes bibliographies and index.
650 0 _aAstronomy.
_924796
942 _2ddc
_cBK
999 _c7998
_d7998